000 01761cam a22002174a 4500
005 20250605164109.0
008 250528s ||||||||||||||||||||||||d
035 _a17849
020 _a9789605278984
040 _aGR-AtMCL
_bgre
_dGR-AtMCL
_eAACR2
245 1 _aΑυτογνωσία και Νόημα της Ζωής / Η Ανακάλυψη του Είναι
260 _bΆρμος,
_c2016
300 _a358
520 _aΈνα βιβλίο σταθμός για μια βαθύτερη κατανόηση του εαυτού μας και των άλλων. Η Συμβολή του Συγγραφέα στην Εδραίωση της Αμερικανικής Υπαρξιακής Ψυχολογίας, Πρόλογος, Οι Αρχές, Οι Βάσεις της Ψυχοθεραπείας, Το Πολιτιστικό Υπόβαθρο, Απαρχές και Σημασία της Υπαρξιακής Ψυχολογίας, Τι Είναι Υπαρξισμός, Πώς η ίδια Πολιτισμική Κατάσταση Εγεννήσε τον Υπαρξισμό και την Ψυχανάλυση, Συμβολές στη Θεραπεία, Να ζη κανεις ή να μη ζη, Οντολογικό Άγχος και Ενοχή, Υπάρχοντας στον Κόσμο, Οι Τρεις Τρόποι του Κόσμου, Περί Χρόνου και Ιστορίας, Υπερβαίνοντας την Άμεση Κατάσταση, Σχετικά με τη Θεραπευτική Τεχνική, Ευρετήριο ΌΌρων και Ονομάτων.
700 1 _aMay Rollo
_94130
700 1 _aΖερβάς Γιάννης
_94131
700 1 _aΣαμοθράκη Ντίνα
_94132
942 _cBK
999 _c3249
_d3249